[Event "EU-ch 6th"]
[Site "Warsaw"]
[Date "2005.06.18"]
[Round "1"]
[White "Mamedyarov, Shakhriyar"]
[Black "Reinderman, Dimitri"]
[Result "1-0"]
[WhiteElo "2646"]
[BlackElo "2509"]
[Annotator "Roiz,M"]
[PlyCount "57"]
[EventDate "2005.06.18"]
[EventType "swiss"]
[EventRounds "13"]
[EventCountry "POL"]
[SourceTitle "CBM 108"]
[Source "ChessBase"]
[SourceDate "2005.09.26"]
[SourceVersion "1"]
[SourceVersionDate "2005.09.26"]
[SourceQuality "1"]

{[%mdl 1088]} 1. d4 f5 2. g3 Nf6 3. Bg2 g6 4. Nf3 Bg7 5. O-O O-O 6. b3 {
A quiet line which is less ambitious than the main lines after 6.c4 d6 7.Nc3.
White wants to neutralize the activity of Bg7 along the diagonal a1-h8.} d6 7.
Bb2 Qe8 8. c4 Ng4 {[%cal Ge7e5] A very rare and original continuation-black
want to advance his ''e'' pawn as soon as it possible. At the same time,
usually the knight is placed very actively at g4,so it's not easy to deal
without h2-h3.} ({The immediate} 8... e5 {is also possible,but usually is
doesn't solve all the problems. For instance,} 9. dxe5 Ng4 10. Nc3 Nxe5 11. Qd2
Na6 12. Rad1 Nxf3+ 13. exf3 Nc5 14. Rfe1 Qd8 15. b4 Nd7 16. Nd5 $14 {1-0
Lputian,S-Malaniuk,V/Sverdlovsk 1987/EXT 99 (64)}) ({Black has a large choice
of possibilities here:} 8... c6) (8... Na6) (8... Nc6) (8... h6) (8... Nbd7) (
8... Ne4) 9. h3 {That move is somewhat weakening the pawn structure on the
knig-side.} (9. Qc1 e5 10. h3 Nh6 11. dxe5 dxe5 12. e4 fxe4 13. Ng5 Nf5 14.
Nxe4 Nc6 15. Nbc3 Nfd4 $132 {1-0 Arsovic,G-Certic,B/Belgrade 1994/EXT 97 (37)})
9... Nh6 10. Nc3 {The most natural way of development} (10. Na3 Na6 11. Qc2 c6
12. Rac1 Nf7 13. d5 Bxb2 14. Qxb2 Bd7 15. b4 (15. Rfd1 $14) 15... Nc7 16. Rfe1
$2 cxd5 17. cxd5 Nxd5 $17 {0-1 Jurek,J-Mainka,R/Schwaebisch Gmuend 1995/CBM 45
ext (28)}) 10... e5 $146 {Only that advancement can be connected with black's
previous manoevre.} (10... Nf7 11. d5 (11. Qd2 $14) 11... c5 12. Qc2 Na6 13.
Rae1 $14 {0-1 Headlong,T-Lyell,M/Birmingham 2002/EXT 2003 (42)}) 11. dxe5 dxe5
12. e4 {Ofcourse,white shouldn't let black seize a space by e5-e4.} f4 $2 {
That natural advancement makes black's position critical.} ({After} 12... c6
13. Qe2 Nd7 14. Rad1 $36 {white's pressure would be unpleasant}) ({But after} 
12... Nc6 $142 13. Re1 (13. Nd5 fxe4 14. Ng5 Qd8 15. Nxe4 Nd4 $132) 13... fxe4
14. Nxe4 Bf5 $14 {white has only a slight advantage due to a weakness of
''d4'' spot.}) 13. Nd5 $1 Na6 ({Even worse would be:} 13... Rf7 14. gxf4 c6 15.
Nxe5 $18) 14. gxf4 c6 (14... exf4 $2 15. Bxg7 Kxg7 16. Qd4+ Kg8 17. Nf6+ $18)
15. fxe5 $1 {A very powerful sacrifice. White gets 3 pawns for the piece,while
black's pieces have no space.} cxd5 16. exd5 {White's position is just winning
from strategical point of view. He should only parry some possible threats of
black.} ({Ofcourse,much worse was:} 16. cxd5 $2 Nf7 17. Ba3 Nxe5 18. Bxf8 Qxf8
$132) 16... b5 {A desperate attempt to simplify the position.} ({The
alternative was:} 16... Bf5 17. Qe2 (17. Ba3 Rf7 18. Qe2 $16) 17... Nc5 18.
Rad1 Be4 $16 {trying to prevent white from advancing his pawns. However,
white's advantage is also obvious in this case.}) 17. Re1 bxc4 18. bxc4 Rf4 {
Another risky decision-the vulnerablity of Rf4 may give white some additional
resourses.} ({More natural would be:} 18... Rb8 19. Bc3 (19. Bd4 $6 Nf5) 19...
Qe7 20. Qe2 Nf5 $16 {and black's pieces gets some coordination.}) 19. Qc1 Qf8 (
{Ofcourse,hopeless would be:} 19... Rf8 20. e6 Bxb2 21. Qxb2 $18 {and black is
completely paralized.}) 20. e6 {[%csl Gc4,Gd5,Ge6] Finally,it comes! Now the
Bc8 looks quite ugly.} Bxb2 21. Qxb2 Nf5 $2 {That is a decisive mistake-black
should remove his queen from f8.} (21... Rxc4 22. d6 Qxd6 23. e7 Be6 (23... Bd7
24. Qb3 Be6 25. Ng5 $18) 24. Qf6 $18) ({The only way to continue the fight was:
} 21... Qd6 $142 22. Ne5 Nc5 $16) 22. Rad1 Nc5 ({Once again,after} 22... Rxc4
$2 23. d6 $18 {white's passed pawns decide the game.}) ({Wrong would be also:} 
22... Rb8 23. Qc3 Nc5 24. Ne5 Rb6 {(i don't see any other reasonable move)} 25.
Ng4 $18) ({It was also too late for:} 22... Qd6 23. Ng5 Rb8 24. Qc3 $18 {
[%cal Gg5f7,Gg5e4]}) 23. Ne5 Bb7 24. Nd7 {Exchanging the main defender of
black's position.} ({Another winning possiblity was:} 24. Ng4 $5 {Exploiting
control of the long diagonal!} Qg7 (24... Nd6 25. Qe5 {[%cal Ge6e7]} Nxc4 26.
Qg5 $1 {[%cal Ge6e7]} (26. e7 $6 Nxe5 27. exf8=Q+ Raxf8 28. Nxe5 Rxf2 29. Rc1
Na6 $16) 26... Qd6 27. Ne5 $18) 25. Nf6+ Kh8 26. Qe5 Rxc4 (26... g5 27. Nh5
Qxe5 28. Rxe5 $18 {[%csl Rf4,Rf5]}) 27. e7 Nxe7 28. Qxe7 Rf8 29. d6 $1 Bxg2 30.
d7 $18) 24... Nxd7 25. exd7 Rb8 (25... Nd6 $2 26. c5 Rd8 27. cxd6 Rxd7 28. Re6
$18) 26. d6 $6 {Missing a nice winning continuation!} ({White could logically
finish the game by:} 26. c5 $1 Nh4 (26... Ng7 27. c6 Bxc6 28. dxc6 Rxb2 29. c7
$18) 27. c6 Bxc6 28. dxc6 Rxb2 29. d8=Q $18) 26... Nxd6 $2 {Tha natural tackle
leads to a quick disaster.} ({The only chance was:} 26... Be4 $142 $1 27. Qe5
Bxg2 28. Qxf4 Bc6 29. c5 $1 Qf7 $1 $16 {and the weakness of white's monarch
gives black some hope.} (29... Bxd7 $2 30. c6 $18)) 27. Rxd6 $1 Qxd6 28. Bxb7
$18 {Now black cannot parry all the threats.} Rff8 (28... h5 29. Re8+ Rf8 30.
Bd5+ Kh7 31. Qd4 $1 {[%csl Rd6][%cal Gd5g8]} Qa3 32. Qe5 $18) 29. Re8 $2 {
The game has ended here for some reason. At the same time,white's last move is
a serious mistake!} ({After the effect} 29. Re7 $1 {black couldn't avoid loss:}
Qd1+ (29... Qxe7 30. Bd5+ $18) 30. Kg2 Qf3+ 31. Bxf3 Rxb2 32. c5 $18) ({
On the other hand,after} 29. Re8 $2 Rbxe8 (29... Qd1+ 30. Kg2 Qxd7 31. Rxf8+
Rxf8 32. Bd5+ Rf7 33. Qe5 $18 {[%cal Ge5e6]}) 30. dxe8=Q Rxe8 31. Bd5+ Kf8 32.
Qh8+ Ke7 33. Qxh7+ Kd8 34. Qxa7 $16 {black has some drawish chances.}) 1-0

[Event "Montreal 4th"]
[Site "Montreal"]
[Date "2003.07.25"]
[Round "3"]
[White "Ross, David"]
[Black "Onischuk, Alexander"]
[Result "0-1"]
[WhiteElo "2318"]
[BlackElo "2657"]
[Annotator "Roiz,M"]
[PlyCount "56"]
[EventDate "2003.07.23"]
[EventType "tourn"]
[EventRounds "11"]
[EventCountry "CAN"]
[EventCategory "11"]
[SourceTitle "CBM 097"]
[Source "ChessBase"]
[SourceDate "2003.11.11"]
[SourceVersion "1"]
[SourceVersionDate "2003.11.11"]
[SourceQuality "1"]

1. d4 f5 2. c4 Nf6 3. g3 g6 4. Bg2 Bg7 5. Nc3 d6 6. Nf3 O-O 7. O-O Qe8 8. b3 {
A quiet continuation.} ({The most principal is} 8. d5 Na6 9. Rb1 Bd7 10. b4) ({
Another possibilities are:} 8. Nd5) ({and} 8. Re1) 8... e5 9. dxe5 dxe5 10. e4
(10. Nd5 Nxd5 11. Qxd5+ Kh8 12. Ba3 Rg8 13. Bb2 Nc6 14. e4 Qe7 15. exf5 Rd8 16.
f6 Bxf6 17. Qe4 Bf5 $132 {1/2-1/2 Rychagov,A-Lastin,A/Goldberg mem 1997}) 10...
Nc6 {The best.In this line black has to fight for the outpost ''d4'' for his
knight.} (10... c6 $2 11. Ba3 Rf7 12. Re1 {[%csl Re5][%cal Ge4f5]} f4 13. gxf4
$1 exf4 14. e5 $16 {[%cal Gc3e4]}) (10... f4 $2 11. Nd5 Nxd5 (11... Rf7 12. Ng5
Rd7 13. Bh3 Rd8 14. Bxc8 Rxc8 15. gxf4 $16 {1-0 Danner,G-Kapferer,R/Velden op
1996}) 12. cxd5 $36 {[%csl Rc7,Re5][%cal Gc1b2,Ga1c1]}) 11. Nd5 ({Another
opportunity was:} 11. Ba3 Rf7 12. Re1 (12. exf5 gxf5 13. Re1 e4 14. Ng5 Rd7 15.
Qc1 Ne5 $36 {0-1 Aseev,K-Lastin,A/RUS-ch m3-4 Elista 1997 [Tyomkin]}) 12... f4
13. gxf4 Bg4 (13... Nh5 14. f5 gxf5 15. Ng5 Rd7 16. Nd5 Qg6 17. h4 f4 18. Bh3
$14 {1-0 Meduna,E-Beliavsky,A/Sochi 1986}) 14. h3 Bxf3 15. Bxf3 Nd4 (15... Rd8
$5 16. Nd5 Nxd5 17. exd5 Rxf4 $15) 16. Nb5 Ne6 17. f5 (17. fxe5 Nd7 $40 {
[%csl Re5,Rf4]}) 17... Nf4 18. Bc1 Bh6 19. Bxf4 Bxf4 $44 {1/2-1/2 Balashov,
Y-Vyzmanavin,A/URS-FL Irkutsk 1986}) 11... Qd7 {That looks like an
uncomfortable defence,but actually black hasn't any problems.} (11... Rf7 $143
$6 12. Ng5 Rd7 13. exf5 gxf5 14. Bb2 Ng4 15. h3 Nh6 16. Qe2 Qg6 17. f4 $36 {
1-0 Lechtynsky,J-Psakhis,L/Timavia Tmava 1988}) ({deserves attention is:} 11...
Nxd5 $5 12. cxd5 fxe4 13. Ng5 Nd4 14. Nxe4 Kh8 (14... Bf5 $5 15. Ba3 Rf7 $132)
15. Bb2 Bf5 16. Rc1 Rc8 17. Re1 Qf7 $132 {1/2-1/2 Gavrikov,V-Blagojevic,D/
Prague Mladi-A 1988}) 12. Ba3 (12. exf5 e4 13. Ng5 gxf5 14. Be3 Nxd5 15. cxd5
Bxa1 16. Qxa1 Qxd5 17. Rd1 Qe5 18. Qc1 Rf6 19. Bf1 h6 20. Bc4+ Kg7 21. Nh3 Rd6
22. Bf4 Rxd1+ 23. Qxd1 Qf6 24. Qd5 Be6 (24... Ne7 25. Qd8) 25. Qxe6 Qxe6 26.
Bxe6 Kf6 $13 {The endgame is very complicated,but i think that the position is
approximately equal.1/2-1/2 Rychagov,A-Kobalija,M/RUS-ch U20 Kolontaevo 1997})
(12. Nxf6+ Bxf6 13. Bh6 Re8 14. Re1 Qe7 15. Qc1 Nb4 (15... Rd8 $5 16. exf5 Bxf5
17. Ng5 Nd4 $13) 16. c5 Be6 17. Qc3 Nc6 18. Rad1 Rad8 $11 {1-0 Hort,V-Yrjola,J/
Thessaloniki ol (Men) 1988}) 12... Re8 {It is hard to say which move is
stronger.} (12... Rd8 {is also pissible continuation:} 13. exf5 (13. Qc2 Nxe4
14. Rad1 Kh8 15. Nf6 Bxf6 16. Rxd7 Bxd7 $44 {black is at least not worse.})
13... e4 14. Ng5 gxf5 15. Rb1 (15. Bb2 Nxd5 16. cxd5 Bxb2 (16... Qxd5 $1 17.
Bxg7 Qxd1 18. Rfxd1 Kxg7 $15) 17. dxc6 Qe7 (17... bxc6 $5) 18. Qc2 Bxa1 19.
Qc4+ Kg7 20. cxb7 Bxb7 21. Ne6+ Kf6 22. Nxd8 Rxd8 23. Rxa1 Qe5 $132 {0-1
Jankovic,A-Bromberger,S/EU-chT U18 Balatonlelle 2000}) 15... h6 16. Nxf6+ Bxf6
$132 {0-1 Chuchelov,V-Gurevich,M/Vlissingen HZ op 1998}) 13. Nxf6+ $6 {A
strange decision.Black has better chanses in the endgame due to weakness on d4.
} (13. exf5 $142 gxf5 (13... e4 14. Ng5 gxf5 15. Nxf6+ Bxf6 16. Qh5 Bxa1 17.
Rxa1 Rd8 18. Bb2 Qe7 19. Re1 $36 Nd4 $2 20. Bxe4 (20. Nf7 $1 $18) 20... fxe4
21. Rxe4 Nf3+ 22. Kg2 Bh3+ 23. Kxf3 $18 {1-0 Pinter,J-Karolyi,T/Perenyi mem
Budapest 1989}) 14. Ng5 (14. Bb2 $5 Nxd5 15. cxd5 Nd8 $13 {[%cal Gd8f7]}) 14...
e4 15. Bb2 (15. Nxf6+ Bxf6 16. Qxd7 Bxd7 17. Rad1 Rad8 18. Nh3 Be6 19. Nf4 Kf7
$11 {0-1 Mitenkov,A-Annakov,B/Moscow-ch 1996}) 15... Nxd5 (15... Ne5 $2 16.
Nxf6+ Bxf6 17. Qh5 $40) 16. Bxg7 Qxg7 17. Qxd5+ Kf8 18. Qc5+ $11) 13... Bxf6
14. Qd5+ Qf7 15. Qxf7+ Kxf7 $15 16. Rfe1 $6 $146 {This natural move leads to a
very hard position.} ({But even after the correct} 16. Bh3 {(1/2-1/2 Hertneck,
G-Yrjola,J/Kecskemet Dutep 1988),black can get better chanses:} fxe4 17. Bxc8
Raxc8 18. Nd2 Nd4 19. Rad1 Nf3+ 20. Kg2 Nxd2 21. Rxd2 Rcd8 22. Re2 Re6 $15 {
[%cal Ge6a6]}) 16... g5 $1 {Just in time! White has no time to regroup his
pieces,and black will occupy the key square on d4.} 17. Nd2 (17. Rad1 g4 18.
Nd2 f4 $17 {[%csl Rd4][%cal Gf4f3]}) 17... f4 $17 {Black has a space advantage
and ideal outpost on d4 for his knight.} 18. Bf1 (18. f3 Rd8 19. Rad1 Nd4 $17)
18... Rd8 19. Nb1 {White's knight cannot find any comfortable place on the
board.} (19. Rad1 Nd4 20. Bb2 Nc2 21. Re2 Bg4 22. f3 Be6 $17 {[%csl Re3]})
19... Nd4 {[%cal Gd4c2]} 20. Rc1 $8 h5 $1 {The most effective plan! White
cannot do nothing against the attack.} 21. Nc3 c6 {[%csl Rd5][%cal Yc6d5]} 22.
Ne2 {Trying to change the knights,but...} Nf3+ $1 23. Kh1 Nd2 {[%csl Re4][%cal
Gd2e4]} 24. Nc3 $8 h4 {All white pieces are on the the queen side,so the
attack is very dangerous even in the endgame.} 25. Kg1 (25. gxh4 g4 $19 {
[%cal Gd8h8,Gd2f3]}) 25... hxg3 26. fxg3 (26. hxg3 Bg4 {[%cal Gd2f3,Gd8h8]} 27.
Bg2 Rd3 $19) 26... Nf3+ 27. Kg2 Rd2+ 28. Be2 Nd4 {[%mdl 16416] Black has got a
full domination! White cannot avoid material losses.} 0-1

[Event "EU-ch 6th"]
[Site "Warsaw"]
[Date "2005.06.22"]
[Round "5"]
[White "Grigoriants, Sergey"]
[Black "Gurevich, Mikhail"]
[Result "0-1"]
[WhiteElo "2553"]
[BlackElo "2630"]
[Annotator "Roiz,M"]
[PlyCount "82"]
[EventDate "2005.06.18"]
[EventType "swiss"]
[EventRounds "13"]
[EventCountry "POL"]
[SourceTitle "CBM 108"]
[Source "ChessBase"]
[SourceDate "2005.09.26"]
[SourceVersion "1"]
[SourceVersionDate "2005.09.26"]
[SourceQuality "1"]

1. Nf3 d6 2. d4 g6 3. c4 f5 4. Nc3 Nf6 5. g3 Bg7 6. Bg2 O-O 7. O-O Qe8 8. d5
Na6 9. Be3 {Intending to take control of the dark squares after 10.Qd2. That
is a favourite continuation of Armenian GM Ashot Anastasian.} ({The main
alternatives here are:} 9. Nd4) ({and} 9. Rb1 {[%cal Gb2b4]}) 9... h6 {
Restricting the mobility of Be3 and preparing g6-g5 advance. That move was
played by Garry Kasparov and some other strong players.} ({The practice saw
also some other logical continuations:} 9... Bd7) (9... c6) (9... c5) 10. Qd2 (
{As the practice shows,black usually successfully solves his problems after:} 
10. Rc1 Bd7 11. a3 c5 12. dxc6 bxc6 13. b4 Nc7 14. c5 Ng4 15. Bd2 d5 16. h3 Nf6
17. Bf4 Ne6 18. Be5 Qf7 19. Nd4 Ne4 20. Bxg7 Qxg7 21. Nxe6 Bxe6 $15 {1/2-1/2
Andersson,U-Kasparov,G/Madrid 1988/EXT 97 (65)}) ({or} 10. Qc1 Kh7 11. Rb1 e5
12. dxe6 Bxe6 13. Nd4 c6 14. Nxe6 Qxe6 15. b3 Nc5 16. Qc2 Nfe4 $11 {0-1 Larsen,
B-Vasiukov,E/Graested 1990/CBM 16 ext (70)}) 10... Kh7 {That is the most solid
continuation.} (10... g5 {looks a bit provocative} 11. Rab1 Ng4 12. Bd4 Ne5 13.
b3 f4 14. Bxe5 dxe5 15. Ne1 h5 16. Nd3 Bf5 17. Be4 $14 {1-0 Anastasian,
A-Minasian,A/Panormo 1998/CBM 67 ext (37)}) 11. h3 $146 {Taking control of the
''g4'' square and securing the statement of Be3. On the other hand,white's
king-side pawn structure becomes a bit compromised.} ({Another logical
continuation here is-->} 11. Rab1 $146 {see comments to 0-1 Anastasian,
A-Dzhumaev,M/Dubai 2004/CBM 101/[Postny] (47) Postny}) 11... c6 {Freeing a way
for the Na6.} ({Deserved attention also:} 11... c5 $5 12. dxc6 bxc6 $132 {
with a complicated play.}) 12. Rab1 Bd7 {Allowing white to seize the space on
the queen-side.} ({In my opinion,black shouldn't face any problems after:} 
12... c5 $142 13. a3 Bd7 14. b4 b6 $11 {,as i don't see how white can make
progress on the queen-side.}) 13. b4 Nc7 {Keeping the pressure in the centre.}
({After} 13... cxd5 14. cxd5 Nc7 15. Nd4 $1 (15. Rfc1 Qf7 16. Ne1 Rfc8 $11)
15... Qf7 (15... Ne4 16. Nxe4 fxe4 17. Bxe4 Bxh3 18. Rfc1 $36) 16. Nb3 Nb5 17.
Nxb5 Bxb5 18. Bd4 $14 {i would prefer white,as he puts some pressure on
black's queen-side pawns.}) 14. Nd4 e5 {A typical strategical decision for
that type of positions-black's acticity will compensate the weakness of Pd6.} (
14... cxd5 15. cxd5 $14 {-->13...cxd5.}) (14... Rc8 15. dxc6 bxc6 16. Nb3 $14)
15. dxe6 Nxe6 16. b5 {Intending to put the pressure on Pc6 as well.} ({A very
complicated position would arise after:} 16. Nb3 Nh5 $1 {[%cal Gf5f4]} 17. Qd3
f4 18. Bd2 Be5 $132 (18... fxg3 $5 19. fxg3 Be5 20. Ne4 Qe7 $132)) ({Another
possible continuation was:} 16. Rbd1 Nh5 17. Nxe6 Bxe6 18. Bd4 Bxc4 19. Bxg7
Nxg7 20. Qxd6 $11 {with an approximate equal position.}) 16... Nc5 17. bxc6
bxc6 18. Bf4 $6 {An inaccurate move which allows black to solve his problems.}
({It was a right moment for exchanging one of black's knights:} 18. Nb3 Nfe4
19. Nxe4 Nxe4 20. Qd3 $14 {keeping some pressure.}) 18... Nfe4 19. Nxe4 Nxe4
20. Bxe4 {An ambitious decision-white is ready to exchange the important
defender of his monarch in order to avoid draw!} (20. Qd3 Nc5 21. Qd1 Ne4 $11 {
[%cal Ge4c3]} 22. Rb3 $140 $6 Qf7 $15 {[%csl Rc4,Rd4,Gf7,Gg7]}) 20... fxe4 $1 {
Only that tackle allows black to use the power of Bd7.} (20... Qxe4 $143 21.
Rfd1 c5 22. Nb3 $1 (22. Nf3 Be6 $132) 22... Bc6 23. f3 Qxc4 24. Na5 Qa6 25.
Nxc6 Qxc6 26. Qxd6 $14) 21. Rb7 Rf7 {Neutralizing the pressure along the 7th
rank.} 22. h4 ({A double-edged play would arise after:} 22. Bxd6 Bxh3 23. Rfb1
Be6 $132) 22... Be6 23. Nxe6 $1 {A brave decision.White should sacrifice an
exchange-otherwise black will seize the initiative.} ({For instance,} 23. Rxf7
Bxf7 24. Bxd6 Bxc4 25. Rc1 Bd5 $15) 23... Rxb7 24. Nxg7 Rxg7 25. Qxd6 (25. Bxh6
Rd7 26. Bf4 Qe6 27. Rc1 Rf8 $15) 25... Rd8 26. Qc5 Qe6 $2 {Overlooking a
simple blow!} ({After} 26... Re7 27. Qe3 Qf8 28. Rb1 $132 {the position would
be ballanced.}) 27. Bc1 $2 {White doesn't take his chance!} ({After} 27. Bxh6
$1 Rf7 (27... Kxh6 $2 28. Qg5+ $18) 28. Bc1 $14 {[%cal Gc5e3] /+/- white's
chances would be preferable,as the Kh7 became very compromised.}) 27... Rdd7
28. Kg2 e3 $5 {A very interesting attempt to grab the initiative. Black takes
control of ''e4'' square at cost of the pawn!} ({After} 28... h5 29. Qe3 Qxc4
30. Qh6+ Kg8 31. Bb2 Qxe2 32. Bxg7 Rxg7 33. Rb1 Qf3+ 34. Kg1 Qf8 $11 {white
would have a sufficient compensation for the pawn.}) 29. Bxe3 Rgf7 {Intending
to push white's queen away from ''c5'' square.} 30. Kg1 Rf5 31. Qb4 Qe4 $1 {
An excellent square for the queen! Now the Kg1 starts to feel some danger.} 32.
Rb1 g5 33. hxg5 {A necessity-white cannot allow black to take at h4.} (33. Qb3
gxh4 34. f3 Qe5 35. g4 h3 {[%cal Ge5g3]} 36. Kh1 Rf6 $17) 33... hxg5 34. Qb8 $1
{[%cal Gb1b7] A correct desicion-white should swap the rooks in order to
exploit the weakness of Kh7.} ({A trade of the queens leads after:} 34. Rc1 $2
g4 35. Qb1 Qxb1 36. Rxb1 Ra5 37. Rb2 Ra4 38. c5 Rd1+ 39. Kg2 Ra1 $17 {to a
very hard endgame.}) 34... g4 {[%cal Gf5h5,Gh5h1] Now everything is ready for
Rf5-h5-h1 mate,but it's white's turn!} (34... Qxc4 35. Rb7 Rxb7 36. Qxb7+ Rf7
37. Qb1+ $132 {[%csl Rh7]}) 35. Rb7 $8 Rff7 36. Rxd7 Rxd7 37. Qb3 $8 c5 38. Bc1
$2 {A terrible move which leads to a quick loss.} ({At the same time,white
could keep the ballanced position after:} 38. Qa4 Rb7 39. Bc1 $1 {and the
weakness of black's king gives white a sufficient counterplay.} (39. Kh2 $5 {
seems to be sufficient as well:} Kg8 40. Qa6 Rh7+ 41. Bh6 Qf5 42. Kg2 $11) {
For instance,} 39... Qxe2 40. Be3 Qf3 41. Qc2+ Kg7 42. Qc3+ Kg8 43. Qd3 $11)
38... Qxe2 $19 {[%cal Ge2f3]} 39. Be3 ({Hopeless would be also:} 39. Qe3 Rd1+
40. Kh2 Qxe3 41. Bxe3 Ra1 42. Bxc5 Rxa2 $19 {and the Pa7 decides the game.})
39... Rd1+ 40. Kh2 Qf3 41. Qc2+ Kg7 ({After} 41... Kg7 42. Qc3+ Kg8 {white
cannot avoid mate.}) 0-1